000 00385pab a2200157 454500
008 180718b2002 xxu||||| |||| 00| 0 eng d
100 _aAnderson, Warwick
245 _aPostcolonial technoscience
260 _c2002
300 _ap.643-58.
362 _aOct-Dec
650 _aTechnology
650 _aScience and technology
773 _aSocial Studies of Science
909 _a55330
999 _c55330
_d55330